| 000 | 00457nam a2200157 a 4500 | ||
|---|---|---|---|
| 001 | 000034438 | ||
| 005 | 20200930073711.0 | ||
| 008 | 111004s1983 dr 000 0 spa d | ||
| 040 |
_aDO-SdBNP _bspa _cBNPHU |
||
| 082 |
_axxxx _bA162n |
||
| 100 | 1 |
_aAbreu de Sturla, Argentina _91395 |
|
| 245 | 1 | 0 | _aNotas sobre la historia de la música en la República Dominicana. |
| 260 |
_aSanto Domingo : _bTaller, _c1983. |
||
| 300 |
_a79 p. ; _c17 cm. |
||
| 049 | _aBNPD | ||
| 999 |
_c33929 _d33929 |
||